|
|
|
|
| LEADER |
00000nam a2200000 i 4500 |
| 001 |
DIGUAZUAY0007 |
| 003 |
NyNyDIG |
| 007 |
cr ||||||||||| |
| 008 |
240219s2016 ec a ob 000 0 spa d |
| 006 |
m o d |
| 035 |
|
|
|a (OCoLC)1423251557
|
| 040 |
|
|
|a DGITA
|b eng
|e rda
|e pn
|c DGITA
|
| 020 |
|
|
|a 9789978325612
|q eBook
|
| 020 |
|
|
|z 9789978325605
|
| 043 |
|
|
|a s-ec---
|
| 050 |
1 |
4 |
|a P96.M4 ebook
|
| 100 |
1 |
|
|a Ugalde Sánchez, Cecilia,
|e author.
|
| 245 |
1 |
0 |
|a Estudio de competencia mediática en los jóvenes de la ciudad de Cuenca :
|b primeros resultados /
|c Cecilia Ugalde Sánchez, Catalina González Cabrera.
|
| 250 |
|
|
|a Primera edición.
|
| 264 |
|
1 |
|a Cuenca, Ecuador :
|b Universidad del Azuay,
|c 2016.
|
| 300 |
|
|
|a 1 online resource :
|b illustrations.
|
| 336 |
|
|
|a text
|b txt
|2 rdacontent
|
| 337 |
|
|
|a computer
|b c
|2 rdamedia
|
| 338 |
|
|
|a online resource
|b cr
|2 rdacarrier
|
| 347 |
|
|
|a text file
|2 rdaft
|
| 347 |
|
|
|b PDF
|
| 500 |
|
|
|a "Investigación sobre el grado de competencia de los estudiantes y docentes de los colegios del Distrito Sur de la ciudad de Cuenca".
|
| 500 |
|
|
|a "Evaluación de los conocimientos sobre TIC y uso de medios en padres de familia del distrito norte y sur de la ciudad de Cuenca".
|
| 504 |
|
|
|a Includes bibliographical references.
|
| 588 |
0 |
|
|a Online resource; title from PDF title page (Digitalia, viewed February 19, 2024)
|
| 650 |
|
0 |
|a Media literacy
|z Ecuador
|z Cuenca.
|
| 700 |
1 |
|
|a González Cabrera, Catalina,
|e author.
|
| 791 |
2 |
|
|a Digitalia (Firm),
|e distributor.
|
| 793 |
0 |
|
|g Digitalia eBook Collection:
|a Universidad del Azuay
|
| 776 |
0 |
8 |
|i Print version:
|a Ugalde Sánchez, Cecilia.
|t Estudio de competencia mediática en los jóvenes de la ciudad de Cuenca.
|b Primera edición.
|d Cuenca, Ecuador : Universidad del Azuay, [2016]
|z 9789978325605
|
| 856 |
4 |
0 |
|3 Digitalia Hispánica
|u https://www.digitaliapublishing.com/a/133390/
|
| 910 |
|
|
|a Premium collection: 2024
|